000 00703nam a2200229Ia 4500
003 GCL
008 140319s9999 xx 000 0 ara d
040 _aGCL /
_cGCL
082 0 4 _a614.19
_bد ا
100 1 _aد.ب اوماديشان
245 1 0 _aاساسيات ممارسة الطب الشرعى والسموم /
_cد.ب اوماديشان
700 1 _aعثمان الشيبانى الزنتانى (مترجم
260 _a[S.N] :
_bجامعة الناجح ،
_c1991
300 _a390 ص
490 _a
650 0 4 _aالقانون
650 0 4 _aالطب الشرعى
650 0 4 _aالانتحار
650 0 4 _aتحقيق الشخصية
650 0 4 _aالسموم
942 _2ddc
_cBK
999 _c55011
_d55011